000 00469pab a2200169 454500
008 180718b2017 xxu||||| |||| 00| 0 eng d
100 _aLambright, W. Henry
245 _aReflections on leadership and its politics: Charles Bolden, NASA administrator, 2009-17
260 _c2017
300 _ap.616-620.
362 _aJul-Aug
650 _aNASA
650 _aBolden, Charles
650 _aLeadership
773 _aPublic Administration Review
909 _a115712
999 _c115706
_d115706